00629cam a22002291 4500001001300000003000400013005001700017008004100034010001700075035002000092040001800112042001200130050001900142100002700161245004700188260001100235300003200246500001400278504004000292600005000332999001700382sa 68003332 DLC20260227112451.0890531s1966 ii b 000 0 hino  asa 68003332  a(OCoLC)19792124 aDLCcWaUdDLC apremarc00aPK2095.N3bB671 aRai, Purnamasi,d1928-00aNandadāsa aura unakā Bham̐varagīta. c[1966] a9, 83, 75, 27, 2 p.c21 cm. aIn Hindi. aBibliography: p. [1]-2 (last group)00aNandadāsa,dactive 1568.tBham̐varagīta. c79402d79402